[Event "Olympiad Women 2024"]
[Site "Budapest HUN"]
[Date "2024.09.16"]
[Round "6.51"]
[Board "2"]
[White "Castro, Neusa Aridas De"]
[Black "De la Riva Real, Ariadna"]
[Result "1/2-1/2"]
[WhiteElo "1684"]
[BlackElo "1823"]
[PlyCount "84"]
[EventDate "2024.09.11"]
[WhiteTeam "Mozambique"]
[BlackTeam "Andorra"]
[WhiteTeamCountry "MOZ"]
[BlackTeamCountry "AND"]

1. e4 {ChessBase} c5 2. Nf3 g6 3. d4 cxd4 4. Nxd4 Bg7 5. c4 Nc6 6. Be3 Nf6 7. Nc3 O-O 8. Be2 d6 9. Nc2 Bd7 10. O-O Rc8 11. Rc1 b6 ({RR} 11... Be6 12. Qd2 Nd7 13. Rfd1 Nc5 14. b4 Nd7 15. Nd5 Nce5 16. Nd4 Bxd5 17. cxd5 Nb6 18. Rxc8 Qxc8 19. Rc1 Qb8 20. Nb5 Ned7 21. a4 a6 ({RR} 21... Nxa4 22. Bxa7 Qa8 23. Rc7) 22. a5 Na8 23. Na7 f5 ({RR} 23... Nc7 24. Qc2 Ne8 25. Nc8 Bf6 26. Qa4 Ne5 27. Nb6 Ng7 ({RR} 27... g5 28. Rc8 Qa7 29. Ra8) ({RR} 27... Nc7 28. f4) 28. f4) 24. exf5 gxf5 25. Nc6 bxc6 26. dxc6 {1-0 Timofeev,A (2655)-Mamedov,R (2639) EU-ch 11th Rijeka 2010 (11)}) 12. b3 $146 ({RR} 12. Qd2 Ng4 13. Bg5 f6 14. Bh4 g5 15. Bg3 Nce5 16. b3 Ng6 17. Nd4 Rf7 18. Nd5 Bf8 19. Rc3 e5 20. Nf5 Nh6 21. Nde3 Nxf5 22. exf5 Ne7 23. Bf3 Bc6 24. Bh5 Rg7 25. Rd3 d5 26. Nxd5 Nxd5 {0-1 Bakhtiari Kish,M-Deljou,R (2235) Iran Ligve op 1st 1997}) ({RR} 12. f3 Na5 13. Na3 Ne8 14. Qd2 Nb7 15. Rfd1 Nc7 16. Nc2 Nc5 17. Nb4 a5 18. Nbd5 Nxd5 19. Nxd5 e6 20. Nc3 Na4 21. Nxa4 Bxa4 22. b3 Bc6 23. Qxd6 Qxd6 24. Rxd6 Be5 25. Rd3 Bc7 26. a4 f6 {1-0 Prokofiev,V (2337)-Montano Vicente,G (1991) Titled Tue 9th Jul Early 2024 (1)}) ({RR} 12. f4 Na5 13. Na3 Be6 14. b3 Nc6 15. Qd2 Bg4 16. Bd3 Bd7 17. Nd5 Nxd5 18. cxd5 Nb8 19. Nc4 b5 20. Na5 f5 21. Rfe1 fxe4 22. Bxe4 Qe8 23. Bf3 Rf6 24. Bd4 Rf7 25. Bxg7 Kxg7 26. b4 Rf6 {1-0 Ling,E (1776)-Uthayakumar,R (1541) Windsor NAYCC U14 2016 (4.67)}) ({RR} 12. f4 Qc7 13. Nd5 Nxd5 14. cxd5 Nb8 15. Nd4 Qd8 16. Qd2 Rxc1 17. Rxc1 Be8 18. Nc6 Nxc6 19. dxc6 Qc7 20. b4 f5 21. exf5 Rxf5 22. b5 Rf8 23. Bg4 Bf7 24. a4 Ra8 25. f5 Be5 26. fxg6 Bxg6 {1-0 Cabart,P (1720)-Hejsek,L Prague Golden op 11th 2015 (5)}) 12... Na5 13. Na3 Nb7 14. f3 a5 15. Qe1 Nc5 16. Qf2 Ne8 17. Rfd1 f5 18. exf5 Bxf5 19. Nab5 Nc7 20. Na7 Ra8 21. Nc6 Qe8 22. Nd4 Bd7 23. Qe1 Rb8 24. Qd2 N5e6 25. Ne4 d5 26. cxd5 Nxd5 27. Nxe6 Bxe6 28. Bc4 Nc7 29. Bxe6+ Nxe6 30. Qd5 Qf7 31. Re1 Rfd8 32. Qc4 Bd4 33. h3 Bxe3+ 34. Rxe3 Rd4 35. Qf1 Qf4 36. Rec3 Rf8 37. Rc8 Qe3+ 38. Kh1 Nd8 39. R8c4 Rd5 40. R4c3 Qf4 41. Qc4 e6 42. Qc7 Qxc7 1/2-1/2

[Event "Olympiad Women 2024"]
[Site "Budapest HUN"]
[Date "2024.09.16"]
[Round "6.51"]
[Board "3"]
[White "Muratet Carmona, Julia"]
[Black "Sandramo, Chineva Rufino"]
[Result "1/2-1/2"]
[WhiteElo "1816"]
[BlackElo "1524"]
[PlyCount "145"]
[EventDate "2024.09.11"]
[WhiteTeam "Andorra"]
[BlackTeam "Mozambique"]
[WhiteTeamCountry "AND"]
[BlackTeamCountry "MOZ"]

1. e4 {ChessBase} e5 2. Bc4 Bc5 3. Nf3 Nc6 4. c3 Nf6 5. d3 d6 6. h3 Be6 7. Bb3 Bd5 $146 ({RR} 7... Bxb3 8. axb3 h6 9. Na3 O-O 10. Nc2 Nh7 11. Be3 f5 12. exf5 Rxf5 13. Bxc5 dxc5 14. Ne3 Rf7 15. Qc2 Ng5 16. Nxg5 Qxg5 17. O-O Ne7 18. Ra4 Rf4 19. Qe2 Ng6 20. Kh1 Rxa4 21. bxa4 Nf4 22. Qc2 {0-1 Brien,R-Falkbeer,E Match Brien-Falkbeer +7-5=3 1855 (2)}) ({RR} 7... O-O 8. O-O Bxb3 9. Qxb3 Bb6 10. Nbd2 d5 11. Qc2 Qd7 12. b4 a6 13. a4 d4 14. b5 axb5 15. Ba3 dxc3 16. Bxf8 Rxf8 17. Qxc3 Nd4 18. Rfe1 Nxf3+ 19. Nxf3 bxa4 20. Qc4 Re8 21. Rxa4 g6 22. Ra2 {0-1 Sadrija,E (2105)-Schoene,R (2353) Berlin Unicorn op 2004 (2)}) ({RR} 7... O-O 8. O-O h6 9. Be3 Bb6 10. Nbd2 Ne7 11. d4 Bxb3 12. Qxb3 Ng6 13. a4 a5 14. Qc2 Qe7 15. Rfe1 Ra6 16. Nc4 exd4 17. Bxd4 Bxd4 18. Nxd4 Ne5 19. Nf5 Qe6 20. Nxe5 Qxe5 21. Re3 Re8 22. Rae1 {1-0 Cifuentes,J (2115)-Pachon,A (2032) 10th Velez Rapid 2023 (7.7)}) ({RR} 7... d5 8. exd5 Bxd5 9. O-O O-O 10. Bg5 Bxb3 11. axb3 h6 12. Bh4 g5 13. Bg3 e4 14. Ne5 Nxe5 15. Bxe5 exd3 16. Bxf6 Qxf6 17. Qxd3 Rad8 18. Qc2 Rfe8 19. b4 Bb6 20. Na3 Qf4 21. Rad1 c6 ({RR} 21... a6 22. Qc1 Qxc1 23. Rxc1 Re2 24. Nc4 Ba7) 22. Rd3 {0-1 Thompson,J-Morphy,P USA-01 Congress Grand Tournament 1857 (1.3)} ({RR} 22. Qc1 Rxd1 23. Qxd1 Kg7 24. Qf3 Qxf3 25. gxf3 Re2 26. Nc4 Kf6 27. Ra1 h5 28. Nxb6 axb6 29. Ra7 Re7)) ({RR} 7... Qd7 8. Be3 Bb6 9. Ba4 Qe7 10. Qe2 O-O 11. Bxc6 bxc6 12. Nbd2 Rab8 13. b3 h6 14. Bxb6 cxb6 15. a4 Nh7 16. d4 exd4 17. Nxd4 Bd7 18. N4f3 Rbe8 19. O-O f5 20. Rae1 fxe4 21. Qxe4 Qxe4 22. Nxe4 {0-1 Cordner,E-MacDonnell,G Dublin Congress MainTournament 1865}) 8. Bc4 Bxc4 9. Qc2 Bb3 10. Qxb3 Qc8 11. Bg5 Nh5 12. g4 Nf4 13. Bxf4 exf4 14. d4 Bb6 15. Nbd2 Qd7 16. O-O-O O-O-O 17. Nc4 f6 18. Nxb6+ axb6 19. e5 d5 20. Rhe1 Rde8 21. Re2 Re6 22. Rde1 Rhe8 23. Qc2 fxe5 24. Nxe5 Nxe5 25. Rxe5 g6 26. Qe2 Rxe5 27. dxe5 Re6 28. g5 c6 29. Qd3 Qe7 30. h4 Rxe5 31. Rxe5 Qxe5 32. Kd2 Kd7 33. Qh3+ Qe6 34. Qf3 Qf5 35. Kc1 Kd6 36. b3 Ke5 37. Qe2+ Qe4 38. Qd2 f3 39. b4 Qxh4 40. Qe3+ Qe4 41. Qxb6 Kf5 42. Kd2 Kxg5 43. Qd8+ Kh5 44. Qd7 h6 45. Qh3+ Kg5 46. Qg3+ Kf5 47. Qh3+ Kg5 48. Qg3+ Qg4 49. Qe5+ Qf5 50. Qg3+ Kf6 51. Qd6+ Kg7 52. Qe7+ Qf7 53. Qe5+ Kh7 54. a4 h5 55. b5 cxb5 56. axb5 h4 57. Qg5 Kg7 58. Qxh4 Qf6 59. Qg4 Qf5 60. Qxf5 gxf5 61. Ke3 Kf6 62. Kxf3 Ke5 63. Ke3 f4+ 64. Kd3 Kf5 65. f3 Ke5 66. c4 dxc4+ 67. Kxc4 b6 68. Kc3 Kd5 69. Kd3 Kc5 70. Ke4 Kxb5 71. Kxf4 Kc5 72. Ke4 b5 73. Kd3 1/2-1/2

[Event "Olympiad Women 2024"]
[Site "Budapest HUN"]
[Date "2024.09.16"]
[Round "6.52"]
[Board "1"]
[White "Lyons, Kieran"]
[Black "Johnson, Gabriella"]
[Result "1/2-1/2"]
[WhiteElo "1818"]
[BlackElo "1896"]
[PlyCount "138"]
[EventDate "2024.09.11"]
[WhiteTeam "Fiji"]
[BlackTeam "Trinidad & Tobago"]
[WhiteTeamCountry "FIJ"]

1. e4 {ChessBase II} e5 2. Nf3 Nc6 3. Bc4 Nf6 4. Ng5 d5 5. exd5 Na5 6. Bb5+ c6 7. dxc6 bxc6 8. Bd3 ({RR} 8. Qf3) 8... Nd5 9. Ne4 ({RR} 9. Nf3) 9... Nf4 10. Bf1 ({RR} 10. Be2 Nxg2+ 11. Kf1 Bh3 12. Kg1 f5 13. Ng3 Nh4 14. d3 f4 15. Ne4 Bg2 16. Nbd2 Qd7 17. Nf3 Bxh1 18. Nxh4 Bxe4 19. Bg4 Qd6 20. dxe4 Qxd1+ 21. Bxd1 O-O-O 22. Bg4+ Kc7 23. b4 Bxb4 24. Bb2 Rhe8 {0-1 Smirnov,T (2368)-Yedidia,J (2360) Titled Tue 16th Jan Late 2024 (3)}) 10... f5 11. Ng3 ({RR} 11. Nec3) ({RR} 11. g3 Ne6) 11... c5 $146 ({RR} 11... Bc5 12. c3 Bb6 13. d4 O-O 14. b4 Nb7 15. Bc4+ Kh8 16. O-O Qh4 17. Nd2 e4 18. Ne2 Nh5 19. f4 Bc7 20. g3 Qh3 21. Qc2 Rf6 22. Re1 a5 23. Nf1 Nd6 24. Bb3 Ba6 25. c4 a4 26. Bxa4 {0-1 Klovans,J-Nikolaevsky,Y URS-ch27 Semifinal 1959}) ({RR} 11... Bc5 12. c3 Bb6 13. d4 Qe7 14. d5 O-O 15. b4 Nb7 16. dxc6 Nd6 17. Be3 Be6 18. Nd2 Bxe3 19. fxe3 Nd5 20. Nc4 Rad8 21. Qd2 Nxc4 22. Bxc4 Nf4 23. Qf2 Bxc4 24. exf4 exf4+ 25. Ne2 Rd6 26. O-O {0-1 Askarov,B (2416)-Wen,Y (2592) Albena op-A 2015 (5)}) ({RR} 11... Ng6 12. Nc3 Bc5 13. d3 O-O 14. Be2 Be6 15. Bd2 Bb6 16. Bf3 Qd6 17. a3 Nh4 18. O-O Rad8 19. Be3 Nxf3+ 20. Qxf3 f4 21. Nge4 Qd7 22. Bxb6 axb6 23. Ng5 Bf5 24. Qe2 Rde8 25. f3 c5 26. Qf2 {0-1 Koltanyi,I (2160)-Kovacs,J (2024) Salgotarjan Balazs Memorial op 2002 (6)}) ({RR} 11... Bd6 12. c3 O-O 13. b4 Nb7 14. d4 exd4 ({RR} 14... Be6 15. dxe5 Bxe5 16. Qxd8 Raxd8) 15. Bc4+ Kh8 16. O-O dxc3 17. Nxc3 Qf6 ({RR} 17... Qh4) 18. Bb2 Be5 19. Qf3 Nd6 20. Bb3 Ba6 21. Rfd1 Nc4 22. Bxc4 Bxc4 23. Na4 Bd5 24. Qxf4 Bxf4 25. Bxf6 gxf6 26. Nxf5 {1-0 Klovans,J-Akmentins,A LAT-ch11 Riga 1954}) ({RR} 11... Bc5 12. c3 Bb6 13. d4 Ng6 14. Bd3 O-O 15. b4 Nb7 16. Bc4+ Kh8 17. d5 Nd6 18. Bb3 f4 19. Nf1 Ne4) 12. Bb5+ Bd7 13. Bxd7+ Qxd7 14. Qf3 Rb8 15. d3 Bd6 16. O-O O-O 17. Nh5 Nxh5 18. Qxh5 Nc6 19. Nd2 Rf6 20. Nc4 f4 21. Qf3 Bc7 22. c3 Rd8 23. Rd1 Na5 24. Qe4 Nxc4 25. Qxc4+ Qd5 26. Qxd5+ Rxd5 27. Kf1 Rh6 28. h3 Rhd6 29. Ke2 g5 30. c4 Rd4 31. f3 Rd8 32. b3 R4d6 33. Bb2 Rc6 34. Bc3 a5 35. Kd2 Kf7 36. Kc2 h5 37. a3 Rb8 38. Rab1 Ra6 39. Re1 Kf6 40. Re2 Bd6 41. Rbe1 Re8 42. d4 cxd4 43. Bxd4 Rc6 44. Bc3 a4 45. Re4 axb3+ 46. Kxb3 Ra6 47. Bb4 Rb8 48. c5 Bxc5 49. R1e2 Rab6 50. Rc4 Bxb4 51. Rxb4 Kf5 52. Ree4 Rxb4+ 53. Rxb4 Re8 54. a4 g4 55. hxg4+ hxg4 56. a5 gxf3 57. gxf3 Re6 58. Rb6 e4 59. fxe4+ Rxe4 60. a6 Re1 61. Rb5+ Kg4 62. Rb4 Rb1+ 63. Kc3 Rxb4 64. Kxb4 f3 65. a7 f2 66. a8=Q f1=Q 67. Qg8+ Kf3 68. Qf7+ Kg2 69. Qxf1+ Kxf1 1/2-1/2

[Event "Olympiad Women 2024"]
[Site "Budapest HUN"]
[Date "2024.09.16"]
[Round "6.52"]
[Board "2"]
[White "Hermoso Rodriguez, Ysvett"]
[Black "Terubea, Cydel"]
[Result "1-0"]
[WhiteElo "1943"]
[BlackElo "1681"]
[PlyCount "121"]
[EventDate "2024.09.11"]
[WhiteTeam "Trinidad & Tobago"]
[BlackTeam "Fiji"]
[BlackTeamCountry "FIJ"]

1. e4 d5 2. exd5 Nf6 3. Bc4 Nxd5 4. Qf3 e6 5. Nc3 c6 6. a3 ({RR} 6. Qg3 Qd6 7. Nge2 Qxg3 8. hxg3 Nb6 9. Bb3 c5 10. d3 Bd7 11. a4 Bc6 12. a5 N6d7 13. Ne4 Be7 14. Be3 Na6 15. N2c3 Nb4 16. f3 b5 17. axb6 axb6 18. Rxa8+ Bxa8 19. Ba4 Bc6 20. Bxc6 Nxc6 {1-0 Dinh,D (2362)-Nguyen,T (2348) VIE-ch Hue 2005 (4)}) 6... a6 $146 ({RR} 6... Nd7 7. d4 Qb6 8. Nge2 Nxc3 9. Qxc3 Be7 10. Be3 Bf6 11. Rb1 c5 12. Qd2 cxd4 13. Nxd4 Qd6 14. Nb5 Qb8 15. Nd6+ Ke7 16. Rd1 a5 17. Nxc8+ Rxc8 18. Qxd7+ Kf8 19. Qb5 Bxb2 20. Qxb2 Rxc4 21. O-O {1-0 Zekovic,A-Hettler,W Karl Mala Memorial op 04th 2000 (5)}) ({RR} 6... Nd7 7. Nge2 Ne5 8. Qe4 Nxc4 9. Qxc4 Be7 10. O-O O-O 11. d4 Qc7 12. Qd3 b6 13. Ne4 c5 14. Bg5 Rd8 15. Bxe7 Qxe7 16. Rfd1 Bb7 17. N2g3 Nf6 18. Qe3 cxd4 19. Rxd4 Rxd4 20. Qxd4 Rd8 21. Qe3 {½-½ Brunke,P (1905)-Koepke,C (2239) GER-ch Net blitz qual2 2021 (11)}) ({RR} 6... Be7 7. Nge2 O-O 8. d3 Nd7 9. Qg3 Bh4 10. Qh3 N7b6 11. Ba2 e5 12. Qf3 f5 13. g3 Be7 14. Qg2 Kh8 15. Bd2 Be6 16. f3 Bc5 17. O-O-O Nxc3 18. Nxc3 Bxa2 19. Nxa2 Na4 20. Bb4 Bxb4 21. Nxb4 {0-1 Habesi,A-Gosciniak,M (2037) GRE-chT 35th 2006 (1)}) ({RR} 6... Nb6 7. Bb3 N8d7 8. d4 Nf6 9. Nge2 Be7 10. O-O O-O 11. Ne4 Nbd5 12. c4 Nxe4 13. Qxe4 Nf6 14. Qf3 Qb6 15. Bc2 c5 16. dxc5 Qxc5 17. b3 Qc7 18. Bb2 Bd7 19. Nd4 Rfd8 20. Rac1 Rac8 21. Rfe1 {0-1 Soppela,J (2245)-Karttunen,M Kuopio op1 1995}) 7. Nge2 Bd6 8. d4 Qf6 9. Qxf6 Nxf6 10. Bg5 Nbd7 11. f3 h6 12. Bd2 b5 13. Bd3 Bb7 14. Ne4 Be7 15. Bf4 Nxe4 16. Bxe4 Nf6 17. Bd3 Nd5 18. Bd2 Bf6 19. c3 O-O 20. Nf4 Bh4+ 21. g3 Nxf4 22. Bxf4 Bf6 23. Rf1 Rfe8 24. O-O-O Rac8 25. Be4 Ba8 26. Bd6 e5 27. Bf5 Rcd8 28. dxe5 g6 29. exf6 gxf5 30. Be7 Rc8 31. b4 Kh7 32. Kd2 Rc7 33. Ke3 c5 34. Kf4 cxb4 35. Bxb4 Bb7 36. Rf2 Kg6 37. Rd6 Rc4+ 38. Rd4 Rxd4+ 39. cxd4 Kxf6 40. Rc2 Bd5 41. Rc5 Rd8 42. Rc7 Re8 43. Rd7 Bc6 44. Ra7 Ra8 45. Rc7 Bd5 46. Rd7 Bc4 47. Rd6+ Kg7 48. Kxf5 a5 49. Bd2 Bd3+ 50. Kf4 a4 51. d5 Bc4 52. Bc3+ Kh7 53. Rd7 Kg8 54. Bb4 Rc8 55. d6 Be6 56. Rc7 Rd8 57. Ke5 Rd7 58. f4 Rd8 59. Kf6 Re8 60. Re7 Kf8 61. d7 1-0

[Event "Olympiad Women 2024"]
[Site "Budapest HUN"]
[Date "2024.09.16"]
[Round "6.53"]
[Board "2"]
[White "Likando Namakau"]
[Black "Cadeau, Merisena"]
[Result "0-1"]
[WhiteElo "1746"]
[BlackElo "1671"]
[PlyCount "128"]
[EventDate "2024.09.11"]
[WhiteTeam "Zambia"]
[BlackTeam "Haiti"]
[WhiteTeamCountry "ZAM"]
[BlackTeamCountry "HAI"]

1. e4 c5 2. Nf3 Nc6 3. c3 d6 4. Bc4 Nf6 5. d3 g6 6. Bg5 ({RR} 6. Ng5 e6 7. O-O h6 8. Nf3 Bg7 9. Bb3 O-O 10. Re1 e5 11. Nbd2 Kh7 12. Nf1 d5 13. Ng3 Be6 14. Be3 Qe7 15. Ba4 d4 16. cxd4 cxd4 17. Bd2 Nd7 18. Rc1 Rfc8 19. Bb3 b6 20. Bd5 Qd6 {0-1 Tkachiev,V (2615)-Sadler,M (2665) Hastings 9798 1997 (3)}) 6... Bg7 7. a3 $146 ({RR} 7. Qd2 h6 8. Be3 a6 9. a3 Bg4 10. h3 Bxf3 11. gxf3 Ne5 12. Ke2 Qc7 13. Ba2 Qc6 14. f4 Ned7 15. Rg1 e6 16. Qc2 O-O-O 17. Nd2 d5 18. e5 Nh5 19. b4 cxb4 20. axb4 d4 21. Bxd4 Nxf4+ {0-1 Loyte,J-La Rocca,M Nashoba CC-ch 1999 (5)}) ({RR} 7. Nbd2 O-O 8. O-O a6 9. Bb3 b5 10. Bc2 Rb8 11. Re1 b4 12. c4 Nd7 13. Qc1 Nde5 14. h3 f5 15. exf5 Bxf5 16. Nxe5 Nxe5 17. Ne4 Bxh3 18. f4 Qc8 19. fxe5 Qg4 20. Qd2 Bxe5 21. Bd1 Bd4+ {0-1 Rahn,M (1226)-Fernandini,F (1451) 9th Floripa Open 2023 (8.216)}) ({RR} 7. O-O O-O 8. Nbd2 Rb8 9. a4 a6 10. d4 cxd4 11. cxd4 Bg4 12. h3 Bxf3 13. Nxf3 Nxe4 14. Be3 d5 15. Qd3 dxc4 16. Qxe4 Rc8 17. d5 Nb4 18. Rfd1 Nd3 19. Bd4 Bxd4 20. Qxd4 Qd6 21. Rd2 Rfd8 {0-1 Mohd,S-Halay,T (2232) World ol U16 2002 (1)}) ({RR} 7. Qc2 O-O 8. Nbd2 Na5 9. Bb3 a6 10. a3 Nxb3 11. Qxb3 Qc7 12. Bxf6 Bxf6 13. O-O Be6 14. Qd1 Bg4 15. h3 Bd7 16. Rc1 Qb6 17. Nc4 Qc7 18. d4 b5 19. Ne3 Bc6 20. d5 Bd7 21. Nd2 a5 {0-1 Gaul,A (1288)-Halfmann,P (1583) Duisburg Grossenbaum op 2006 (7)}) 7... a5 8. a4 O-O 9. h3 b6 10. Qd2 Re8 11. O-O Bb7 12. Na3 Nd7 13. Nb5 Nde5 14. Nxe5 Nxe5 15. Ba2 Qd7 16. d4 cxd4 17. cxd4 Nc6 18. Rac1 Rec8 19. Bh6 Bh8 20. Qf4 Qe8 21. Rfd1 Nxd4 22. Rxc8 Rxc8 23. Nxd4 e5 24. Qg3 exd4 25. Qxd6 Qxe4 26. f3 Qe2 27. Bb3 Qe5 28. Qxb6 Bc6 29. Qa7 Qf5 30. Re1 Bd5 31. Bxd5 Qxd5 32. Qe7 Qd8 33. Qe2 d3 34. Qd2 Qb6+ 35. Be3 Qb4 36. Qd1 Rc2 37. Bh6 Bd4+ 38. Kh1 Qxa4 39. Qxd3 Rxb2 40. Re8+ Qxe8 41. Qxd4 Rb1+ 42. Kh2 f6 43. Qd5+ Kh8 44. Qxa5 Qe5+ 45. Qxe5 fxe5 46. Kg3 Kg8 47. Bg5 Kf7 48. Kh2 Rb2 49. Kg3 Ke6 50. Kh2 Kf5 51. Be3 Re2 52. Bg1 Kf4 53. Ba7 h5 54. Bb6 g5 55. Bc7 g4 56. hxg4 hxg4 57. fxg4 Kxg4 58. Kg1 e4 59. Kf1 Rc2 60. Bb6 Kg3 61. Ba7 Rxg2 62. Bd4 Kf3 63. Ke1 e3 64. Kf1 Rc2 0-1

[Event "Olympiad Women 2024"]
[Site "Budapest HUN"]
[Date "2024.09.16"]
[Round "6.53"]
[Board "3"]
[White "Jonet, Davena"]
[Black "Mbatha, Constance"]
[Result "0-1"]
[WhiteElo "1659"]
[BlackElo "1799"]
[PlyCount "70"]
[EventDate "2024.09.11"]
[WhiteTeam "Haiti"]
[BlackTeam "Zambia"]
[WhiteTeamCountry "HAI"]
[BlackTeamCountry "ZAM"]

1. d4 d5 2. Bf4 Bf5 3. e3 e6 4. Bd3 Bg6 5. Nf3 Nf6 6. c3 Nbd7 ({RR} 6... Be7 7. Qe2 c5 8. Nbd2 Nc6 9. O-O O-O 10. Bxg6 hxg6 11. h3 a6 12. Rfe1 b5 13. Ne5 Nxe5 14. Bxe5 Nd7 15. Bg3 Qb6 16. Rad1 Rfe8 17. Nf3 Nf6 18. Bh4 Bf8 19. Ne5 Qb7 20. Qf3 Ne4 21. Qe2 {0-1 Moiseenko,V (2492)-Riazantsev,A (2649) RUS-ch blitz 2018 (17.13)}) ({RR} 6... Be7 7. Bg3 O-O 8. Bxg6 hxg6 9. Nbd2 Nbd7 10. Ne5 c5 11. f4 Rc8 12. O-O b5 13. a3 Nb6 14. Nb3 Nc4 15. Qe2 Ne4 16. Be1 a5 17. g4 Qc7 18. Nf3 Bd6 19. Kg2 a4 20. Nc1 cxd4 21. cxd4 {1-0 Venskaya,N (1817)-Akshaya Narahari (1584) Swiss Queens Wed #31 2024 (7.81)}) 7. Bg5 Be7 $146 ({RR} 7... Bd6 8. Qc2 Bxd3 9. Qxd3 h6 10. Bh4 Be7 11. Nbd2 Rc8 12. Qb5 b6 13. Ne5 g5 14. Nxd7 Nxd7 15. Bg3 c5 16. Nf3 f6 17. Qd3 Nf8 18. Qb5+ Qd7 19. Qe2 g4 20. Nd2 f5 21. Be5 Rg8 22. h3 {0-1 Nikolic,M-Kosanovic,O SRB-ch U12 Girls 2014 (3)}) 8. O-O O-O 9. Bxg6 hxg6 10. Nbd2 Kh7 11. Re1 Rh8 12. e4 dxe4 13. Nxe4 c6 14. Bh4 Kg8 15. h3 Nxe4 16. Rxe4 Bxh4 17. Qb3 Rb8 18. Rd1 Bf6 19. Ne5 Qe7 20. Ng4 Rh5 21. Rde1 Nf8 22. a3 Qd7 23. Qd1 Rd8 24. Qf3 Nh7 25. Qd1 c5 26. Kh1 Qc8 27. Qa4 a6 28. Rd1 Rhd5 29. Ne3 R5d7 30. dxc5 Rxd1+ 31. Nxd1 Qxc5 32. Re1 Ng5 33. Ne3 Qc8 34. Nc4 b5 35. Qc2 Qxc4 0-1

[Event "Olympiad Women 2024"]
[Site "Budapest HUN"]
[Date "2024.09.16"]
[Round "6.54"]
[Board "2"]
[White "Makwena, Christine"]
[Black "Sokolova, Larisa"]
[Result "1-0"]
[WhiteElo "1860"]
[BlackElo "1705"]
[PlyCount "75"]
[EventDate "2024.09.11"]
[WhiteTeam "Zimbabwe"]
[BlackTeam "Cyprus"]
[WhiteTeamCountry "ZIM"]
[BlackTeamCountry "CYP"]

1. e4 {ChessBase II} c5 2. Nf3 d6 3. d4 cxd4 4. Nxd4 Nf6 5. Nc3 a6 6. f3 e6 7. Be3 b5 8. a3 ({RR} 8. Qd2 Nbd7 9. g4 h6 10. O-O-O b4 11. Nce2 Qc7 12. h4 d5 13. Bf4 e5 14. Bh2 dxe4 15. g5 hxg5 16. hxg5 Rxh2 17. Rxh2 exd4 18. Rh4 Ng4 19. Rxg4 Nc5 20. Rh4 d3 21. Nd4 Bb7 22. Rh8 O-O-O) ({RR} 8. g4 h6) 8... Qc7 ({RR} 8... h5 9. Qd2 Nbd7 10. O-O-O Bb7 11. Kb1 Rc8 12. h3 ({RR} 12. h4 Be7 13. Rh3 O-O 14. Rg3 Kh7 15. Bg5 Re8 16. Bd3 Kh8 17. Bh6 Bf8 18. Be3 Kg8 19. Nb3 Qc7 20. Bh6 Kh8 21. Be3 Be7 22. Bf4 Red8 23. Nd4 Bf8 24. Nde2 Ne5 25. Bg5 d5 26. exd5 Bxd5) 12... h4 13. Bd3 Ne5 14. Rhe1 Be7 15. Bg5 Nc4 16. Bxc4 Rxc4 17. Nb3 Rh5 18. Bxf6 gxf6 19. Qe3 Qc7 20. Rd3 a5 21. Qd2 b4 22. axb4 Rxb4 23. Na2 {0-1 Mekhitarian,K (2559)-Topalov,V (2760) Festa da Uva quad rapid 2016 (3)}) ({RR} 8... Be7 9. Qd2 Bb7 10. g4 Nc6 11. O-O-O O-O 12. g5 Nd7 13. h4 Rc8 14. Nxc6 Rxc6 15. h5 Ne5 16. Be2 f5 17. g6 h6 18. Rdg1 Bf6 19. Bxh6 gxh6 20. Qxh6 Qe7 21. Qd2 Rfc8 22. h6 R6c7 23. g7 {1-0 Ledger,D (2148)-Purton,B (2144) 4NCL 2022-23 (1.3)}) 9. Qd2 Nc6 10. Nxc6 $146 ({RR} 10. O-O-O Nxd4 11. Bxd4 e5 12. Be3 Be6 13. g4 Rb8 14. g5 Nd7 15. Nd5 Bxd5 16. Qxd5 Nb6 17. Bxb6 Qxb6 18. Bh3 Be7 19. Rhg1 Qc7 20. Rd3 Qc5 21. Qxc5 dxc5 22. Rd7 Rd8 23. Ra7 Rd6 24. Ra8+ Bd8 {1-0 Nigmatov,O-Nguyen Dang Hong,P (1775) Wch U10 Kemer 2009 (8)}) 10... Qxc6 11. Be2 Be7 12. O-O-O Bb7 13. g4 d5 14. g5 Nd7 15. exd5 Qd6 16. dxe6 Qxd2+ 17. Rxd2 fxe6 18. Rhd1 Bc6 19. f4 Rd8 20. Bg4 Kf7 21. Ne2 Nb8 22. Nd4 Bd5 23. f5 e5 24. Nxb5 Bc6 25. Nd6+ Bxd6 26. Rxd6 Rxd6 27. Rxd6 Be4 28. Ba7 Nc6 29. Rd7+ Ne7 30. Bc5 Re8 31. Kd2 Bc6 32. Rc7 Rd8+ 33. Ke3 Rd7 34. Rxd7 Bxd7 35. Bxe7 Kxe7 36. f6+ gxf6 37. gxf6+ Ke8 38. f7+ 1-0

[Event "Olympiad Women 2024"]
[Site "Budapest HUN"]
[Date "2024.09.16"]
[Round "6.54"]
[Board "3"]
[White "Paunescu, Aida"]
[Black "Wakuruwarewa, Colletta"]
[Result "1/2-1/2"]
[WhiteElo "1603"]
[BlackElo "1814"]
[PlyCount "67"]
[EventDate "2024.09.11"]
[WhiteTeam "Cyprus"]
[BlackTeam "Zimbabwe"]
[WhiteTeamCountry "CYP"]
[BlackTeamCountry "ZIM"]

1. d4 {ChessBase II} d5 2. Nf3 Nf6 3. Bf4 Bf5 4. e3 e6 5. c4 Be7 6. Qb3 ({RR} 6. Nc3 O-O 7. Rc1 c5 8. cxd5 Nxd5 9. Nxd5 exd5 10. dxc5 Nd7 11. Nd4 Bg6 12. b4 a5 13. a3 axb4 14. axb4 Bf6 15. Be2 Ne5 16. O-O Nc6 17. Nxc6 bxc6 18. b5 cxb5 19. Bxb5 Qa5 20. Bc6 Rac8 {1-0 Raznikov,D (2485)-Hovhannisyan,R (2591) Titled Tuesday intern op 2nd Jan blitz 2018 (6)}) ({RR} 6. Nc3 O-O 7. Bd3 Bxd3 8. Qxd3 Nbd7 9. h3 dxc4 10. Qxc4 c5 11. Rd1 Qb6 12. O-O Rac8 13. d5 exd5 14. Nxd5 Nxd5 15. Rxd5 Nf6 16. Rd2 Rfd8 17. Rfd1 Rxd2 18. Rxd2 Rd8 19. Rxd8+ Qxd8 20. Ne5 Qd5 {½-½ Priyanka,N (2292)-Ismayil,M (2167) WSCC Speed Play-In 3 2024 (3)}) 6... Qc8 7. Bd3 $146 ({RR} 7. Nc3 c6 8. Rc1 O-O 9. Be2 dxc4 10. Bxc4 b5 11. Be2 Qb7 12. Ne5 ({RR} 12. Nxb5 cxb5 13. Rc7) 12... a5 13. a4 Bb4 14. O-O Bxc3 15. bxc3 Ra7 ({RR} 15... Ne4) 16. Nd3 ({RR} 16. g4 Be4 17. f3 Bg6 ({RR} 17... Bd5 18. Qc2 Nfd7 19. Rb1) 18. e4 bxa4 19. Qxa4 Qe7 20. Rb1 Nfd7 21. Nxd7 Nxd7 22. Qxc6) 16... Ne4 17. Rfd1 Nd7 18. f3 Nef6 19. e4 Bg6 20. Rb1 Ne8 21. axb5 a4 {1-0 Flament,F (2072)-Marquet,M (2060) FRA-chT3 North 0304 2003 (8.3)}) ({RR} 7. Nc3 c6 8. Rc1 O-O 9. Nh4 Be4 10. cxd5 exd5 11. Be2 Rd8 12. f3 Bg6 13. Nxg6 hxg6 14. a4 Bd6 15. Bxd6 Rxd6 16. a5 Nbd7 17. Na4 Qc7 18. Qc3 Re8 19. Qa3 Qxa5+ 20. Rc3 Rde6 21. b4 Qd8 {0-1 Vukotic Jovsic,D (1955)-De la Fuente Gonzalez,F (2193) Madrid-ch sf-A 2012 (9)}) ({RR} 7. Nc3 c6 8. Be2 O-O 9. h3 Nbd7 10. O-O Ne4 11. Nxe4 Bxe4 12. Nd2 Bg6 13. Rac1 Nf6 14. Rfd1 Qd7 15. Nf3 Ne4 16. Ne5 Qc8 17. f3 Nf6 18. Bh2 Bd6 19. Kh1 Rd8 20. Bf1 Bc7 21. Qc3 Nd7 {1-0 Sinkevich,P (2205)-Boukh,B (2325) RUS-Cup01 Chigorin Memorial 1997 (4)}) 7... Bxd3 8. Qxd3 O-O 9. O-O Nbd7 10. h3 Bd6 11. Ne5 dxc4 12. Qxc4 Nd5 13. Nxd7 Qxd7 14. Bxd6 cxd6 15. Qd3 Rfc8 16. Nc3 Nxc3 17. bxc3 d5 18. Rfc1 Rc4 19. Rab1 Rac8 20. Rc2 a5 21. Rb3 h6 22. e4 a4 23. Rb4 Rxb4 24. cxb4 Rxc2 25. Qxc2 dxe4 26. Qxe4 b5 27. Qe5 Kh7 28. Qc5 Kg6 29. Kf1 Qd5 30. Qxd5 exd5 31. Ke2 Kf5 32. Ke3 h5 33. g3 g5 34. f3 1/2-1/2